Práca nadčas a jej odmeňovanie

Definovanie práce nadčas podľa Zákonníka práce par. 96. Podmienky pre nariadenie výkonu práce nadčas. Nadčas a prekážky v práci. Odmeňovanie práce nadčas. Mzdové zvýhodnenie u nových zamestnancov. Náhradné voľno za dobu práce nadčas. Dohodnutie mzdy s prihliadnutím na prácu nadčas.

Salvato in:
Dettagli Bibliografici
Autore principale: Mačuha, Miroslav
Natura: Capitolo di libro
Lingua:slovacco
Soggetti:
Tags: Aggiungi Tag
Nessun Tag, puoi essere il primo ad aggiungerne!!

MARC

LEADER 00000naa a2200000 4500
001 r030304
005 20230919113646.9
041 0 |a slo 
044 |a SK 
245 1 0 |a Práca nadčas a jej odmeňovanie  |c Miroslav Mačuha 
520 |a Definovanie práce nadčas podľa Zákonníka práce par. 96. Podmienky pre nariadenie výkonu práce nadčas. Nadčas a prekážky v práci. Odmeňovanie práce nadčas. Mzdové zvýhodnenie u nových zamestnancov. Náhradné voľno za dobu práce nadčas. Dohodnutie mzdy s prihliadnutím na prácu nadčas. 
610 2 0 |a práca nadčasová 
610 2 0 |a odmeňovanie 
610 2 0 |a zákonník práce 
100 1 |a Mačuha, Miroslav